Abeceda zvládania námietok
Pokračovanie článku z predchádzajúceho čísla. Riešenie námietok a schopnosti obchodníka používať správnu techniku argumentovania pri odstraňovaní prekážok, ktoré bránia v uzatvorení alebo napredovaní obchodu.
Gespeichert in:
| 1. Verfasser: | |
|---|---|
| Format: | Buchkapitel |
| Sprache: | Slowakisch |
| Schlagworte: | |
| Tags: |
Keine Tags, Fügen Sie das erste Tag hinzu!
|
MARC
| LEADER | 00000naa a2200000 4500 | ||
|---|---|---|---|
| 001 | 0231345 | ||
| 005 | 20221104113017.7 | ||
| 041 | 0 | |a slo | |
| 044 | |a SK | ||
| 245 | 1 | 0 | |a Abeceda zvládania námietok |c Martin Mišík |
| 520 | |a Pokračovanie článku z predchádzajúceho čísla. Riešenie námietok a schopnosti obchodníka používať správnu techniku argumentovania pri odstraňovaní prekážok, ktoré bránia v uzatvorení alebo napredovaní obchodu. | ||
| 610 | 2 | 0 | |a marketing |
| 610 | 2 | 0 | |a rozhodovanie nákupné |
| 610 | 2 | 0 | |a technika predaja |
| 610 | 2 | 0 | |a obchodníci |
| 610 | 2 | 0 | |a zákazníci |
| 610 | 2 | 0 | |a pružnosť ponuky |
| 610 | 2 | 0 | |a psychológia predaja |
| 100 | 1 | |a Mišík, Martin | |